Historyczne Państwa według Władców - Statystyki

Ogólne statystyki
  • Ten quiz został rozwiązany 26 razy
  • Średni wynik to 11 z 20
Statystyki odpowiedzi
Władca Państwo % Poprawnych
Iwan, Piotr, Katarzyna Rosja
91%
Chlodwig, Ludwik, Karol Francja
87%
Czyngis, Ugedej, Kubilaj Imperium Mongolskie
87%
Lech, Kazimierz, Jadwiga Polska
87%
Jimmu, Meiji, Hirohito Japonia
83%
Franciszek Józef, Maria Teresa, Leopold Austria
78%
Osman, Mehmed, Sulejman Imperium Osmańskie
74%
Dżeser, Ramzes, Tutanchamon Egipt
70%
Cyrus, Dariusz, Kserkses Achemenidzi (Persja)
65%
August, Kaligula, Sewer Cesarstwo Rzymskie
65%
Innocenty, Urban, Klement Państwo Kościelne
61%
Magnus, Gustaw Adolf, Oskar Szwecja
61%
Alfred, Ethelred, Elżbieta Anglia
52%
Dunkan, Malkolm, Jakub Szkocja
48%
Montezuma, Axayacatl, Itzcoatl Imperium Azteków
30%
Ferdynand, Alfons, Jan Karol Hiszpania
26%
Dydona, Hazdrubal, Hamilkar Kartagina
22%
Wawrzyniec, Aleksander, Kosma Florencja
13%
Taksin, Bhumibol Adulyadej, Si Inthrathit Tajlandia
13%
Kamehameha, Kalakaua, Liliʻuokalani Hawaje
9%
Nie znaleziono quizów pasujących do podanych kryteriów
Rozkład punktacji
Procent ludzi z każdym wynikiem
Percentyl według liczby udzielonych odpowiedzi
Twoja historia wyników
Nie rozwiązałeś tego quizu